| 000 | 00912nam a22002177a 4500 | ||
|---|---|---|---|
| 999 |
_c12518 _d12518 |
||
| 003 | AR-CdUCM | ||
| 008 | 190409b ||||| |||| 00| 0 spa d | ||
| 040 |
_aMUNICIPALIDAD PROVINCIAL DEL CUSCO _cBIBLIOTECA MUNICIPAL DEL CUSCO |
||
| 082 |
_25ed. _a102 / _bG71 / 1886 |
||
| 100 |
_aGonzales, Zeferino _929396 |
||
| 245 | _aFilosofía elemental / | ||
| 260 |
_aMadrid : _bAgustin Jubera, _c1886. |
||
| 300 |
_a2 tomos ; _c21 cm. |
||
| 505 | _aContenido: t.1: sección primera o lógica general, del signo en general, de los signos del pensamiento, de las partes de la oración, del nombre, del verbo -- t.2: Del mundo en general, la posibilidad de otros mundos, origen del panteísmo y sus caracteristicas fundamentales... | ||
| 650 |
_aFilosofía. _9395 |
||
| 650 |
_aOrigen. _915147 |
||
| 650 |
_aPanteísmo. _930388 |
||
| 650 |
_aFormas de pensar. _930389 |
||
| 942 |
_2ddc _cLIBROS |
||
| 945 |
_awfj _d2019-04-09 |
||